00959 a2200169 4500003000500000005001700005010001700022020001500039040000900054082001600063100002200079245004800101260005300149300003400202505051900236650003400755Nust20221121161040.0 a 95033405  a0024106224 cNust00a621.381,SMI1 aSimpson, Colin D.10aIndustrial electronics /cColin D. Simpson. aEnglewood Cliffs, N.J. :bPrentice Hall,cc1996. axiv, 689 p. :bill. ;c24 cm. aIntroduction (Page-1), Semiconductor Diodes(Page-10), Transistor (Page-51), Thrusters (Page-101), Industrial Control Devices (Page-145), DC Motor and Control Circuits (Page-184), AC Motors and Variable – Frequency Drives (Page-230), Operational Amplifiers and Linear ICS (Page-264), Digital Electronics (Page-321), Analog and Digital Transducers(Page-273), Industrial Process Control(Page-419), Microprocessors and Communication System (Page-462), Programmable Logic Controllers (Page-491), Robotics (Page-556).  0aTelecommunication Engineering